00665cam a2200217 a 450000100060000000300080000600500170001400800410003103500190007204000310009104100080012208200200013010000310015024500870018125000170026826000490028530000260033460000310036074000330039174000230042420144BD-RjUL20211209000527.0140226r19531932enk 000 1 eng d a(BD-RjUL)20206 aUkOxUbengcUkOxUdBD-RjUL aeng a822.9bSHM 19531 aShaw, Bernard,d1856-1950.10aMisalliance, The dark lady of the Sonnets, & Fanny's first play /cby Bernard Shaw astandard ed. aLondon :bConstable,c1932 [Reprinted 1953]. avii, 326 p. ;c21 cm. 0aShaw, Bernard,d1856-1950.42aThe dark lady of the Sonnets02aFanny's first play